| 000 | 02510nam0a2200373 4500 | ||
|---|---|---|---|
| 001 | RU\NLR\BIBL_A\022601423 | ||
| 005 | 20251205161925.0 | ||
| 010 |
_a978-5-907954-61-8 _9500 |
||
| 021 |
_aRU _bКН-П-25-036424 _9КН-П-25-3578 |
||
| 035 | _a(NLR Aleph) 022601423 | ||
| 090 |
_a13496330 _c13496330 |
||
| 100 | _a20250814d2025 k y0rusy50 ca | ||
| 101 | 0 |
_arus _deng |
|
| 102 | _aRU | ||
| 105 | _aa z 100yy | ||
| 181 | 0 |
_ai _baxxe |
|
| 182 | 0 | _an | |
| 200 | 1 |
_aСовременная экономическая наука: теоретический и практический потенциал _eII международная научно-практическая конференция (24 октября 2024 г., Ярославль) _fЯрославский государственный университет имени П. Г. Демидова, Экономический факультет _gредакционная коллегия: Т. Ю. Новикова, А. А. Кострова |
|
| 203 |
_aТекст _bвизуальный _cнепосредственный |
||
| 210 |
_aЯрославль _cЯрГУ _aМосква _cНаучная библиотека _d2025 |
||
| 215 |
_a167 с. _cил. _d21 |
||
| 300 | _aРез. ст. англ. | ||
| 320 | _aБиблиогр. в конце ст. | ||
| 606 | 1 |
_aЭкономика _jСъезды, совещания и т.п _xТеория _91565397 _3RU\NLR\AUTH\66985247 |
|
| 607 |
_aРоссийская Федерация _jСъезды, совещания и т.п _xНародное хозяйство _92106777 _3RU\NLR\AUTH\661273591 |
||
| 686 | 1 | _aУ010я431 | |
| 686 | 1 | _aУ03(2Р)74я431 | |
| 702 | 1 |
_4340 _7ca _8rus _aНовикова _bТ. Ю. _cканд. экон. наук, бухгалтерский учет _gТатьяна Юрьевна _976197 _3RU\NLR\AUTH\7793271 |
|
| 711 | 1 | 2 |
_a"Современная экономическая наука: теоретический и практический потенциали", международная научно-практическая конференция _d2 _eЯрославль _f2024 _92673610 _3RU\NLR\AUTH\880629950 |
| 712 | 0 | 2 |
_4557 _aЯрославский государственный университет им. П. Г. Демидова _bЭкономический факультет _9558068 _3RU\NLR\AUTH\8810029747 |
| 942 | _cBOOK | ||
| 980 | _aNB | ||